000 00298nam a2200121Ia 4500
008 190216s9999||||xx |||||||||||||| ||und||
100 _aSharma G S And Bhargava
245 2 _aA Text Book Of Mechanics
260 _bRatan Prakashan Mandir
_c1990
300 _a636p
650 _aPhysics
942 _cBK
999 _c33271
_d33271